书目信息 |
| 题名: |
变频器技术及应用
|
|
| 作者: | 陈志红 主编 | |
| 分册: | ||
| 出版信息: | 北京 电子工业出版社 2015.08 |
|
| 页数: | 252页 | |
| 开本: | 26cm | |
| 丛书名: | ||
| 单 册: | ||
| 中图分类: | TN773 | |
| 科图分类: | ||
| 主题词: | 变频器--高等职业教育--教材 | |
| 电子资源: | ||
| ISBN: | 978-7-121-26403-0 | |
| 000 | 01094nam0 2200241 450 | |
| 001 | 5158 | |
| 005 | 20181014120019.21 | |
| 010 | @a978-7-121-26403-0@dCNY39.00 | |
| 039 | @aA310000SHL@bUCS01002509890@c01002015000223 | |
| 100 | @a20160109d2015 em y0chiy50 ea | |
| 101 | 0 | @achi |
| 102 | @aCN@b110000 | |
| 105 | @aa z 000yy | |
| 200 | 1 | @a变频器技术及应用@9bian pin qi ji shu ji ying yong@f陈志红主编 |
| 210 | @a北京@c电子工业出版社@d2015.08 | |
| 215 | @a252页@c图@d26cm | |
| 300 | @a全国高等职业教育“十二五”规划教材 中国电子教育学会推荐教材 全国高等职业院校规划教材·精品与示范系列 | |
| 330 | @a本书以行业广泛使用的西门子MM440系列变频器为主线,介绍变频器的基本原理与实际应用知识,全书分为7章。第1章讲述变频器的发展与应用情况;第2章讲述变频器的基本功能及工作原理;第3章讲述变频器的基本操作;第4章讲述变频器的优化特性设置;第5章讲述变频器在调速系统中的应用;第6章讲述变频器的选择与维护;第7章介绍S7-200 PLC的基本应用。 | |
| 606 | 0 | @a变频器@x高等职业教育@j教材 |
| 690 | @aTN773@v5 | |
| 701 | 0 | @a陈志红@9chen zhi hong@4主编 |
| 801 | 0 | @aCN@b91MARC@c20160109 |
| 905 | @aMuseLib@dTN773@e105 | |
| 变频器技术及应用/陈志红主编.-北京:电子工业出版社,2015.08 |
| 252页:图;26cm |
| 全国高等职业教育“十二五”规划教材 中国电子教育学会推荐教材 全国高等职业院校规划教材·精品与示范系列 |
| ISBN 978-7-121-26403-0:CNY39.00 |
| 本书以行业广泛使用的西门子MM440系列变频器为主线,介绍变频器的基本原理与实际应用知识,全书分为7章。第1章讲述变频器的发展与应用情况;第2章讲述变频器的基本功能及工作原理;第3章讲述变频器的基本操作;第4章讲述变频器的优化特性设置;第5章讲述变频器在调速系统中的应用;第6章讲述变频器的选择与维护;第7章介绍S7-200 PLC的基本应用。 |
| ● |
| 相关链接 |
|
|
|
|
正题名:变频器技术及应用
索取号:TN773/105
 
预约/预借
| 序号 | 登录号 | 条形码 | 馆藏地/架位号 | 状态 | 备注 |
| 1 | 1128379 | 211283797 | 第二样本阅览室/ [索取号:TN773/105] | 在馆 | |
| 2 | 1128380 | 211283804 | 第三借阅区/ [索取号:TN773/105] | 在馆 | |
| 3 | 1128381 | 211283813 | 第三借阅区/ [索取号:TN773/105] | 在馆 | |
| 4 | 1128382 | 211283822 | 第三借阅区/ [索取号:TN773/105] | 在馆 | |
| 5 | 1128383 | 211283831 | 密集书库-物理学院/ [索取号:TN773/105] | 在馆 |